Normal view
MARC view
- القانون التجاري -- قانون -- شركات تجارية
Entry Topical Term
001 - CONTROL NUMBER
- control field: 46989
003 - CONTROL NUMBER IDENTIFIER
- control field: JO-AjAnu
005 - DATE AND TIME OF LATEST TRANSACTION
- control field: 20230606081748.0
008 - FIXED-LENGTH DATA ELEMENTS
- fixed length control field: 230606|| aca||aabn | a|a d
040 ## - CATALOGING SOURCE
- Original cataloging agency: JO-AjAnu
- Transcribing agency: JO-AjAnu
150 ## - HEADING--TOPICAL TERM
- Topical term or geographic name entry element: القانون التجاري -- قانون -- شركات تجارية
670 ## - SOURCE DATA FOUND
- Source citation: Work cat.: (JO-AjAnu)24049: زيادات، احمد، م.مشاركالعموش، ابراهيم , author 46988, الوجيز في التشريعات التجارية الاردنية : مبادئ القانون التجاري ، الشركات التجارية ، الاوراق التجارية والعمليات المصرفية